• 首页
  • 本馆介绍
  • 公告通知
  • 最新文献
  • 馆藏检索
  • 电子资源
  • 读者导购
  • 参考咨询
  • 我的图书馆
  • 登录
  • 详细信息显示
  • 放入我的书架
  • 预约/预借图书
  • 作者相关作品
  • 分类相关作品
  • 丛书相关作品
  • 出版社相关作品

书目信息

  • 表格格式
  • 工作单格式
  • 卡片格式
题名:
启蒙运动与现代性
    
 
作者: 施密特 编 ;徐向东 , 卢华萍 译
分册:  
出版信息: 上海   上海人民出版社  2005
页数: 541页
开本: 23cm
丛书名:
单 册:
中图分类: B504 , B505
科图分类:
主题词: 启蒙运动--研究--西方国家--18世纪 , 启蒙运动--研究--西方国家--20世纪 , 启蒙运动
电子资源:
ISBN: 7-208-05588-2
000 01319nam0 2200313 450
001 1160355936
005 20111003164640.53
010    @a7-208-05588-2@dCNY48.00
100    @a20060104d2005 em y0chiy50 ea
101 1  @achi@ceng
102    @aCN@b310000
105    @ay z 000yy
200 1  @a启蒙运动与现代性@9qi meng yun dong yu xian dai xing@e18世纪与20世纪的对话@f(美)詹姆斯·施密特(James Schmidt)编@g徐向东,卢华萍译
210    @a上海@c上海人民出版社@d2005
215    @a541页@d23cm
312    @a英文原名:What is enlightenment: eighteenth-century answers and twentieth-century questions
330    @a本书是一部重要的文集,它围绕什么是启蒙这一主题收录了18世纪和20世纪的一批思想家,如康德、哈曼、费希特、哈贝马斯、福柯等人对这一问题的回答、回应和分析。
510 1  @aWhat is enlightenment@eeighteenth-century answers and twentieth-century questions@zeng
517 1  @a18世纪与20世纪对话@918 shi ji yu 20 shi ji dui hua
606 0  @a启蒙运动@x研究@y西方国家@z18世纪
606 0  @a启蒙运动@x研究@y西方国家@z20世纪
606 0  @a启蒙运动
690    @aB504@v4
690    @aB505@v4
701  0 @c(美)@a施密特@9shi mi te@c(Schmidt, James)@4编
702  0 @a徐向东@9xu xiang dong@f(1965~)@4译
702  0 @a卢华萍@9lu hua ping@f(1978~)@4译
801  0 @aCN@b91MARC@c20101222
905    @a10447@dB504@eJY50
    
    启蒙运动与现代性:18世纪与20世纪的对话/(美)詹姆斯·施密特(James Schmidt)编/徐向东,卢华萍译.-上海:上海人民出版社,2005
    541页;23cm
    
    
    ISBN 7-208-05588-2:CNY48.00
    本书是一部重要的文集,它围绕什么是启蒙这一主题收录了18世纪和20世纪的一批思想家,如康德、哈曼、费希特、哈贝马斯、福柯等人对这一问题的回答、回应和分析。
●
相关链接 在E读中查询图书 在五车中查询图书 在当当中查询图书 在豆瓣中查询图书


正题名:启蒙运动与现代性     索取号:B504/JY50         预约/预借

序号 登录号 条形码 馆藏地/架位号 状态 备注
1 7824886   278248861   学院路分馆/ [索取号:B504/JY50] 在馆    
2 7824887   278248870   学院路分馆/ [索取号:B504/JY50] 在馆    
唐山师范学院图书馆 欢迎您!
大连网信软件有限公司© 版权所有